Online
Catalog
Normal view MARC view

Entry Nombre de reunión

Number of records used in: 1

001 - NÚMERO DE CONTROL

  • campo de control: 55496

003 - IDENTIFICADOR DEL NÚMERO DE CONTROL

  • campo de control: OSt

005 - FECHA Y HORA DE LA ÚLTIMA TRANSACCIÓN

  • campo de control: 20200615034709.0

008 - DATOS DE LONGITUD FIJA

  • campo de control de longitud fija: 200615|| aca||aabn | a|a d

040 ## - FUENTE DE LA CATALOGACIÓN

  • Centro catalogador/agencia de origen: OSt
  • Centro/agencia transcriptor: OSt

111 ## - ENCABEZAMIENTO--NOMBRE DE CONGRESO/REUNIÓN

  • Nombre de congreso/reunión o jurisdicción como elemento de entrada: Congreso dominicano sobre la enseñanza de la biología a nivel medio
  • Número del congreso/reunión o número de parte o sección: (1 :
  • Fecha del congreso/reunión: 1988 : 17-20 agosto
  • Sede del congreso/Lugar de la reunión: San Cristóbal, República Dominicana)

670 ## - FUENTE DE DATOS ENCONTRADOS

  • Cita de la fuente: Work cat.: (OSt)28034: Congreso dominicano sobre la enseñanza de la biología a nivel medio (1 : 1988 : 17-20 agosto San Cristóbal, República Dominicana), Memorias del primer congreso dominicano sobre la enseñanza de nivel medio /, 1989.

Powered by Koha